000 00796nam a2200241Ia 4500
003 OSt
005 20220923213238.0
006 a|||||r|||| 00| 0
007 ta
008 220922b |||||||| |||| 00| 0 hin d
024 _a160,125
037 _cTextual
040 _aARTS
_cARTS
_bhin
041 _2hin
_ahin
082 _aO152,1:g(Y:351), K5
100 _aराय, रवीन्द्रनाथ
245 0 _aहिन्दी भक्ति-साहित्य में लोक-तत्तव
246 _aHindī bhakti-sāhitya mean loka-tattava
260 _c1965
650 _aहिन्दी साहित्य
_9156264
942 _hO152,1:g(Y:351), K5
_cTEXL
_2CC
999 _c314872
_d314872